Une famille en Or version quiz Jetpunk #1 - Statistiques

Statistiques générales
  • Ce quiz a été pris 451 fois
  • Le résultat moyen est 139 sur 280
Statistiques - réponses
Quiz Réponse % % Correct
Pays du Monde France 97%
99%
Pays du Monde France
99%
Pays du Monde France
99%
Pays du Monde France
99%
Pays du Monde France
99%
Pays du Monde France
99%
Pays du Monde France
99%
Pays du Monde États Unis 95%
94%
Pays du Monde États Unis
94%
Pays du Monde États Unis
94%
Pays du Monde États Unis
94%
Pays à majorité musulmane Algérie 98%
88%
Pays à majorité musulmane Algérie
88%
Pays à majorité musulmane Algérie
88%
Pays à majorité musulmane Algérie
88%
Pays à majorité musulmane Algérie
88%
Pays à majorité musulmane Algérie
88%
Pays à majorité musulmane Algérie
88%
Pays à majorité musulmane Maroc 98%
87%
Pays à majorité musulmane Maroc
87%
Pays à majorité musulmane Maroc
87%
Pays à majorité musulmane Maroc
87%
Pays à majorité musulmane Maroc
87%
Pays à majorité musulmane Maroc
87%
Pays du Monde Espagne 95%
86%
Pays du Monde Espagne
86%
Pays du Monde Espagne
86%
Pays du Monde Espagne
86%
Pays du Monde Espagne
86%
Pays du Monde Chine 94%
85%
Les plus grandes villes des États-Unis New York 99%
81%
Les plus grandes villes des États-Unis New York
81%
Les plus grandes villes des États-Unis New York
81%
Les plus grandes villes des États-Unis New York
81%
Les plus grandes villes des États-Unis New York
81%
Les plus grandes villes des États-Unis New York
81%
Les plus grandes villes des États-Unis New York
81%
Pays à majorité musulmane Tunisie 93%
80%
Pays à majorité musulmane Tunisie
80%
Pays à majorité musulmane Tunisie
80%
Pays à majorité musulmane Tunisie
80%
Pays à majorité musulmane Tunisie
80%
Villes hôtes des Jeux Olympiques d'été Paris 100%
78%
Villes hôtes des Jeux Olympiques d'été Paris
78%
Villes hôtes des Jeux Olympiques d'été Paris
78%
Villes hôtes des Jeux Olympiques d'été Paris
78%
Villes hôtes des Jeux Olympiques d'été Paris
78%
Villes hôtes des Jeux Olympiques d'été Paris
78%
Villes hôtes des Jeux Olympiques d'été Paris
78%
Pays du Monde Russie 95%
77%
Pays du Monde Russie
77%
Pays du Monde Italie 95%
75%
Pays du Monde Italie
75%
Pays du Monde Italie
75%
Les plus grandes villes des États-Unis Los Angeles 95%
75%
Les plus grandes villes des États-Unis Los Angeles
75%
Les plus grandes villes des États-Unis Los Angeles
75%
Les plus grandes villes des États-Unis Los Angeles
75%
Les plus grandes villes des États-Unis Los Angeles
75%
Les plus grandes villes des États-Unis Los Angeles
75%
Villes hôtes des Jeux Olympiques d'été Los Angeles 87%
75%
Régions de France Île de France 95%
73%
Régions de France Île de France
73%
Régions de France Île de France
73%
Régions de France Île de France
73%
Régions de France Île de France
73%
Régions de France Île de France
73%
Pays du Monde Canada 95%
69%
Pays du Monde Canada
69%
Pays du Monde Canada
69%
Pays du Monde Canada
69%
Pays du Monde Canada
69%
Pays du Monde Canada
69%
Les 100 personnages les plus cités dans Harry Potter Harry Potter 100%
69%
Les 100 personnages les plus cités dans Harry Potter Harry Potter
69%
Les 100 personnages les plus cités dans Harry Potter Harry Potter
69%
Les 100 personnages les plus cités dans Harry Potter Harry Potter
69%
Les 100 personnages les plus cités dans Harry Potter Harry Potter
69%
Les 100 personnages les plus cités dans Harry Potter Harry Potter
69%
Les 100 personnages les plus cités dans Harry Potter Harry Potter
69%
Régions de France Bretagne 97%
67%
Régions de France Bretagne
67%
Régions de France Bretagne
67%
Régions de France Bretagne
67%
Régions de France Bretagne
67%
Régions de France Bretagne
67%
Régions de France Bretagne
67%
Les 100 personnages les plus cités dans Harry Potter Ron Weasley 98%
66%
Les 100 personnages les plus cités dans Harry Potter Ron Weasley
66%
Les 100 personnages les plus cités dans Harry Potter Ron Weasley
66%
Les 100 personnages les plus cités dans Harry Potter Ron Weasley
66%
Les 100 personnages les plus cités dans Harry Potter Ron Weasley
66%
Les 100 personnages les plus cités dans Harry Potter Hermione Granger 99%
65%
Les 100 personnages les plus cités dans Harry Potter Hermione Granger
65%
Les 100 personnages les plus cités dans Harry Potter Hermione Granger
65%
Les 100 personnages les plus cités dans Harry Potter Hermione Granger
65%
Les 100 personnages les plus cités dans Harry Potter Hermione Granger
65%
Les 100 personnages les plus cités dans Harry Potter Hermione Granger
65%
Pays à majorité musulmane Égypte 87%
63%
Pays à majorité musulmane Égypte
63%
Pays à majorité musulmane Égypte
63%
Les 100 plus grandes villes de Belgique sur une carte Bruxelles 99%
62%
Les 100 plus grandes villes de Belgique sur une carte Bruxelles
62%
Les 100 plus grandes villes de Belgique sur une carte Bruxelles
62%
Les 100 plus grandes villes de Belgique sur une carte Bruxelles
62%
Les 100 plus grandes villes de Belgique sur une carte Bruxelles
62%
Les 100 plus grandes villes de Belgique sur une carte Bruxelles
62%
Les 100 plus grandes villes de Belgique sur une carte Bruxelles
62%
Régions de France Provence Alpes Côte d'Azur 86%
61%
Régions de France Provence Alpes Côte d'Azur
61%
Régions de France Provence Alpes Côte d'Azur
61%
Les plus grandes villes des États-Unis Washington 87%
60%
Les plus grandes villes des États-Unis Washington
60%
Les plus grandes villes des États-Unis Washington
60%
Les plus grandes villes des États-Unis Washington
60%
Les plus grandes villes des États-Unis Washington
60%
Pays à majorité musulmane Arabie Saoudite 89%
59%
Pays à majorité musulmane Arabie Saoudite
59%
Pays à majorité musulmane Arabie Saoudite
59%
Pays à majorité musulmane Arabie Saoudite
59%
Pays à majorité musulmane Iran 83%
54%
Épreuves olympiques d'athlétisme Saut en hauteur 93%
53%
Épreuves olympiques d'athlétisme Saut en hauteur
53%
Épreuves olympiques d'athlétisme Saut en hauteur
53%
Épreuves olympiques d'athlétisme Saut en hauteur
53%
Épreuves olympiques d'athlétisme Saut en longueur 93%
51%
Épreuves olympiques d'athlétisme Saut en longueur
51%
Épreuves olympiques d'athlétisme Saut en longueur
51%
Régions de France Normandie 90%
48%
Régions de France Normandie
48%
Régions de France Normandie
48%
Régions de France Normandie
48%
Épreuves olympiques d'athlétisme 100 mètres 98%
47%
Épreuves olympiques d'athlétisme 100 mètres
47%
Épreuves olympiques d'athlétisme 100 mètres
47%
Épreuves olympiques d'athlétisme 100 mètres
47%
Épreuves olympiques d'athlétisme 100 mètres
47%
Épreuves olympiques d'athlétisme 100 mètres
47%
Épreuves olympiques d'athlétisme 100 mètres
47%
Les plus grandes villes des États-Unis Chicago 80%
46%
Les plus grandes villes des États-Unis Chicago
46%
Les plus grandes villes des États-Unis Chicago
46%
Les plus grandes villes des États-Unis Chicago
46%
Pays à majorité musulmane Turquie 86%
46%
Pays à majorité musulmane Turquie
46%
Les stations du Métro de Paris sur une carte Charles de Gaulle - Étoile 77%
45%
Villes hôtes des Jeux Olympiques d'été Londres 94%
45%
Villes hôtes des Jeux Olympiques d'été Londres
45%
Villes hôtes des Jeux Olympiques d'été Londres
45%
Villes hôtes des Jeux Olympiques d'été Londres
45%
Villes hôtes des Jeux Olympiques d'été Londres
45%
Les 100 personnages les plus cités dans Harry Potter Voldemort 93%
44%
Les 100 personnages les plus cités dans Harry Potter Voldemort
44%
Les 100 personnages les plus cités dans Harry Potter Voldemort
44%
Les 100 personnages les plus cités dans Harry Potter Voldemort
44%
Villes hôtes des Jeux Olympiques d'été Tokyo 96%
43%
Villes hôtes des Jeux Olympiques d'été Tokyo
43%
Villes hôtes des Jeux Olympiques d'été Tokyo
43%
Villes hôtes des Jeux Olympiques d'été Tokyo
43%
Villes hôtes des Jeux Olympiques d'été Tokyo
43%
Villes hôtes des Jeux Olympiques d'été Tokyo
43%
Les 100 personnages les plus cités dans Harry Potter Albus Dumbledore 88%
42%
Les 100 personnages les plus cités dans Harry Potter Albus Dumbledore
42%
Personnalités dans les noms des rues de France Charles De Gaulle 94%
42%
Personnalités dans les noms des rues de France Charles De Gaulle
42%
Personnalités dans les noms des rues de France Charles De Gaulle
42%
Personnalités dans les noms des rues de France Charles De Gaulle
42%
Personnalités dans les noms des rues de France Charles De Gaulle
42%
Personnalités dans les noms des rues de France Charles De Gaulle
42%
Personnalités dans les noms des rues de France Charles De Gaulle
42%
Les plus grandes villes des États-Unis Las Vegas 70%
40%
Les plus grandes villes des États-Unis Las Vegas
40%
Personnalités dans les noms des rues de France Victor Hugo 83%
38%
Personnalités dans les noms des rues de France Victor Hugo
38%
Personnalités dans les noms des rues de France Victor Hugo
38%
Personnalités dans les noms des rues de France Victor Hugo
38%
Personnalités dans les noms des rues de France Victor Hugo
38%
Personnalités dans les noms des rues de France Victor Hugo
38%
Les plus grandes villes des États-Unis San Francisco 76%
37%
Les plus grandes villes des États-Unis San Francisco
37%
Les plus grandes villes des États-Unis San Francisco
37%
Régions de France Corse 93%
36%
Régions de France Corse
36%
Régions de France Corse
36%
Régions de France Corse
36%
Régions de France Corse
36%
Les 100 plus grandes villes de Belgique sur une carte Liège 91%
36%
Les 100 plus grandes villes de Belgique sur une carte Liège
36%
Les 100 plus grandes villes de Belgique sur une carte Liège
36%
Les 100 plus grandes villes de Belgique sur une carte Liège
36%
Les 100 plus grandes villes de Belgique sur une carte Liège
36%
Les 100 plus grandes villes de Belgique sur une carte Liège
36%
Villes hôtes des Jeux Olympiques d'été Pékin 91%
36%
Villes hôtes des Jeux Olympiques d'été Pékin
36%
Villes hôtes des Jeux Olympiques d'été Pékin
36%
Villes hôtes des Jeux Olympiques d'été Pékin
36%
Épreuves olympiques d'athlétisme 200 mètres 95%
34%
Épreuves olympiques d'athlétisme 200 mètres
34%
Épreuves olympiques d'athlétisme 200 mètres
34%
Épreuves olympiques d'athlétisme 200 mètres
34%
Épreuves olympiques d'athlétisme 200 mètres
34%
Épreuves olympiques d'athlétisme 200 mètres
34%
Épreuves olympiques d'athlétisme Lancer de poids 90%
33%
Les 100 plus grandes villes de Belgique sur une carte Bruges 84%
32%
Les 100 plus grandes villes de Belgique sur une carte Bruges
32%
Les 100 plus grandes villes de Belgique sur une carte Bruges
32%
Les 100 plus grandes villes de Belgique sur une carte Bruges
32%
Épreuves olympiques d'athlétisme Lancer de javelot 93%
32%
Épreuves olympiques d'athlétisme Lancer de javelot
32%
Épreuves olympiques d'athlétisme Lancer de javelot
32%
Épreuves olympiques d'athlétisme Lancer de javelot
32%
Épreuves olympiques d'athlétisme Lancer de javelot
32%
Villes hôtes des Jeux Olympiques d'été Rio de Janeiro 91%
32%
Villes hôtes des Jeux Olympiques d'été Rio de Janeiro
32%
Villes hôtes des Jeux Olympiques d'été Rio de Janeiro
32%
Épreuves olympiques d'athlétisme 400 mètres 92%
31%
Épreuves olympiques d'athlétisme 400 mètres
31%
Les plus grandes villes des États-Unis Boston 66%
31%
Les 100 personnages les plus cités dans Harry Potter Severus Rogue 90%
30%
Les 100 personnages les plus cités dans Harry Potter Severus Rogue
30%
Les 100 personnages les plus cités dans Harry Potter Severus Rogue
30%
Les 100 plus grandes villes de Belgique sur une carte Anvers 88%
29%
Les 100 plus grandes villes de Belgique sur une carte Anvers
29%
Les 100 plus grandes villes de Belgique sur une carte Anvers
29%
Les 100 plus grandes villes de Belgique sur une carte Anvers
29%
Les 100 plus grandes villes de Belgique sur une carte Anvers
29%
Les stations du Métro de Paris sur une carte Châtelet 87%
24%
Les stations du Métro de Paris sur une carte Châtelet
24%
Les stations du Métro de Paris sur une carte Châtelet
24%
Les stations du Métro de Paris sur une carte Châtelet
24%
Les stations du Métro de Paris sur une carte Châtelet
24%
Les stations du Métro de Paris sur une carte Châtelet
24%
Les stations du Métro de Paris sur une carte Châtelet
24%
Les 100 personnages les plus cités dans Harry Potter Drago Malefoy 88%
20%
Villes hôtes des Jeux Olympiques d'été Berlin 89%
19%
Villes hôtes des Jeux Olympiques d'été Berlin
19%
Les 100 plus grandes villes de Belgique sur une carte Charleroi 78%
16%
Les 100 plus grandes villes de Belgique sur une carte Charleroi
16%
Les 100 plus grandes villes de Belgique sur une carte Charleroi
16%
Les 100 plus grandes villes de Belgique sur une carte Gand 76%
15%
Les 100 plus grandes villes de Belgique sur une carte Gand
15%
Les stations du Métro de Paris sur une carte Gare du Nord 82%
15%
Les stations du Métro de Paris sur une carte Gare du Nord
15%
Les stations du Métro de Paris sur une carte Gare du Nord
15%
Les stations du Métro de Paris sur une carte Gare du Nord
15%
Les stations du Métro de Paris sur une carte Gare du Nord
15%
Les stations du Métro de Paris sur une carte Gare du Nord
15%
Régions de France La Réunion 83%
14%
Personnalités dans les noms des rues de France Marie Curie 62%
14%
Personnalités dans les noms des rues de France Marie Curie
14%
Personnalités dans les noms des rues de France Marie Curie
14%
Personnalités dans les noms des rues de France Marie Curie
14%
Personnalités dans les noms des rues de France Marie Curie
14%
Les 100 plus grandes villes de Belgique sur une carte Namur 76%
14%
Régions de France Guyane 84%
13%
Régions de France Guyane
13%
Les stations du Métro de Paris sur une carte Gare de Lyon 79%
12%
Les stations du Métro de Paris sur une carte Gare de Lyon
12%
Les stations du Métro de Paris sur une carte Gare de Lyon
12%
Les stations du Métro de Paris sur une carte Gare de Lyon
12%
Les stations du Métro de Paris sur une carte Gare de Lyon
12%
Les stations du Métro de Paris sur une carte Montparnasse Bienvenüe 79%
12%
Les stations du Métro de Paris sur une carte Montparnasse Bienvenüe
12%
Les stations du Métro de Paris sur une carte Montparnasse Bienvenüe
12%
Les stations du Métro de Paris sur une carte Montparnasse Bienvenüe
12%
Personnalités dans les noms des rues de France Émile Zola 42%
11%
Les stations du Métro de Paris sur une carte Gare de l'Est 77%
10%
Les stations du Métro de Paris sur une carte Gare de l'Est
10%
Les stations du Métro de Paris sur une carte Gare de l'Est
10%
Personnalités dans les noms des rues de France Louis Pasteur 56%
10%
Personnalités dans les noms des rues de France Louis Pasteur
10%
Personnalités dans les noms des rues de France Louis Pasteur
10%
Personnalités dans les noms des rues de France Louis Pasteur
10%
Les stations du Métro de Paris sur une carte Nation 77%
10%
Les stations du Métro de Paris sur une carte Nation
10%
Personnalités dans les noms des rues de France Antoine de Saint-Exupéry 45%
1%
Personnalités dans les noms des rues de France Antoine de Saint-Exupéry
1%
Personnalités dans les noms des rues de France Notre-Dame (Marie de Nazareth) 55%
1%
Personnalités dans les noms des rues de France Notre-Dame (Marie de Nazareth)
1%
Personnalités dans les noms des rues de France Notre-Dame (Marie de Nazareth)
1%
Aucun quiz correspondant
Distribution des résultats
% des personnes avec chaque résultat
Percentile par nombre de réponses
Votre historique - résultats
Vous n’avez pas pris ce quiz